Administrative procedures for importing into Japan by product category.
| Corporate Author: | |
|---|---|
| Format: | Book |
| Published: |
Tokyo:
JETRO,
1995.
|
| Subjects: |
| LEADER | 00509cam a2200169 7i4500 | ||
|---|---|---|---|
| 001 | 0000004895 | ||
| 005 | 19991025090000.0 | ||
| 002 | ##000006454 | ||
| 020 | 0 | 0 | |a T000005202 |
| 090 | 0 | 0 | |a JAPN 382.5025 |b JAP |
| 110 | 0 | 0 | |a Japan External Trade Organization (JETRO) |
| 245 | 0 | 0 | |a Administrative procedures for importing into Japan by product category. |
| 260 | 0 | 0 | |a Tokyo: |b JETRO, |c 1995. |
| 300 | 0 | 0 | |a 398 p.. |
| 650 | 0 | 0 | |a Imports -- |z Japan |
| 651 | 0 | 0 | |a Japan |
| 999 | |a 0000006346 |b Book |c Open shelf |e Business Information Centre | ||